|
|
|
|
| LEADER |
00000nam0a2200000 4500 |
| 001 |
154049 |
| 005 |
20231031151637.0 |
| 035 |
|
|
|a (RuTPU)RU\TPU\book\167101
|
| 090 |
|
|
|a 154049
|
| 100 |
|
|
|a 20090220d1972 m y0rusy50 ca
|
| 101 |
1 |
|
|a rus
|c ger
|
| 102 |
|
|
|a RU
|
| 105 |
|
|
|a a z 001zy
|
| 200 |
1 |
|
|a Радиационная биохимия
|e пер. с нем.
|f К. Штреффер
|
| 210 |
|
|
|a Москва
|c Атомиздат
|d 1972
|
| 215 |
|
|
|a 200 с.
|c ил.
|
| 320 |
|
|
|a Библиогр.: с. 189-195.
|
| 610 |
1 |
|
|a радиационная биохимия
|
| 610 |
1 |
|
|a радиационные исследования
|
| 610 |
1 |
|
|a нуклеиновые кислоты
|
| 610 |
1 |
|
|a облучение
|
| 610 |
1 |
|
|a изменения
|
| 610 |
1 |
|
|a белки
|
| 610 |
1 |
|
|a аминокислоты
|
| 610 |
1 |
|
|a обмен
|
| 610 |
1 |
|
|a углеводы
|
| 610 |
1 |
|
|a липиды
|
| 610 |
1 |
|
|a гормоны
|
| 610 |
1 |
|
|a витамины
|
| 610 |
1 |
|
|a электролиты
|
| 610 |
1 |
|
|a баланс
|
| 610 |
1 |
|
|a токсические вещества
|
| 675 |
|
|
|a 577.346
|v 3
|
| 700 |
|
1 |
|a Штреффер
|b К.
|
| 801 |
|
1 |
|a RU
|b 63413507
|c 20090220
|g PSBO
|
| 801 |
|
2 |
|a RU
|b 63413507
|c 20100705
|g RCR
|
| 942 |
|
|
|c BK
|